| 000 | 00372nam a22001457a 4500 | ||
|---|---|---|---|
| 003 | NUST | ||
| 020 |
_a9789695190642 _qH/B. |
||
| 038 | _aWASEEM | ||
| 082 |
_a920 _bARB |
||
| 100 |
_aArberry, A.J. _925115 |
||
| 245 |
_aOriental Essays: _bPortraits of Seven Scholars / _cA.J. Arberry |
||
| 260 |
_aLahore : _bSuhail Academy, _c2004. |
||
| 300 | _a261 p. ; | ||
| 942 |
_2ddc _cBK |
||
| 999 |
_c531935 _d531935 |
||